MTV Challengers - Statistics

General Stats
  • This quiz has been taken 991 times
    66 since last reset
  • The average score is 155 of 392
Answer Stats
Seasons Answer % Correct
Fresh Meat 2; Cutthroat; Rivals; Battle of the Exes; Battle of the Seasons 2; Free Agents; Bloodlines; Invasion; XXX; Champs vs Pros; Vendettas; Final Reckoning; War of the Worlds; War of the Worlds 2; Battle of the Eras; Vets & New Threats Cara Maria Sorbello
98%
The Gauntlet; The Gauntlet 2; The Inferno 3 Cara Zavaleta
98%
Inferno;Inferno 2; The Duel; The Inferno 3; The Gauntlet 3; The Duel 2; Rivals; Battle of the Exes; Rivals 2; Free Agents; Battle of the Exes 2; Invasion; XXX; Champs vs Pros; Champs vs Pros 2; Final Reckoning; War of the Worlds; War of the Worlds 2; Total Madness; Double Agents; Spies, Lies, and Allies; Battle of the Eras; Vets & New Threats Chris "CT" Tamburello
95%
The Gauntlet 2 Jo Rhodes
93%
Battle of the Exes 2 John Jacobs
86%
Battle of the Sexes; The Inferno 2 Dan Renzi
83%
Battle of the Seasons 1; Battle of the Sexes 2 Dan Setzler
83%
The Island; Cutthroat Dan Walsh
83%
Total Madness Jenn Lee
83%
Battle of the Seasons 2; Rivals 2; Free Agents; Battle of the Exes 2/Bloodlines; Rivals 3; War of the Worlds; War of the Worlds 2; Total Madness; Double Agents; Spies, Lies, and Allies; Ride or Dies;Vets & New Threats Nany Gonzalez
83%
Bloodlines; Rivals 3; Invasion; XXX; Vendettas; Final Reckoning; Champs vs Pros 2; All Stars 4; Battle of the Eras Tony Raines
83%
Fresh Meat; The Duel; The Ruins; Fresh Meat 2; Rivals; Battle of the Exes; Battle of the Seasons 2; Rivals 2; Battle of the Exes 2; Rivals 3; Champs vs Pros; Champs vs Stars; Champs vs Pros 2; War of the Worlds; War of the Worlds 2;Total Madness; Double Agents; All Stars 3; World Championship Wes Bergmann
83%
Rivals 2 Anastasia Miller
81%
The Inferno 3; The Island; The Duel 2; Fresh Meat 2; Cutthroat; Rivals Jenn Grijalva
81%
The Gauntlet; All Star 3 Roni Martin
81%
Duel;Inferno 3; Gauntlet 3; Island; Ruins; Cutthroat; Rivals; BOE; Rivals 2; Free Agents;BOE2;Bloodlines; Rivals 3; Invasion; XXX; Champs vs Pros; Vendettas;Final Reckoning; War of the Worlds; War of the Worlds 2; Total Madness; Ride or Dies; World Championship; Battle of the Eras; Vets & New Threats Johnny "Bananas" Devenanzio
79%
The Gauntlet Rachel Braband
79%
The Inferno 3; The Gauntlet 3 Rachel Moyal
79%
Battle of the Sexes; The Gauntlet; Battle of the Sexes 2; The Inferno 2; The Island; The Duel 2; Battle of the Exes; Battle of the Eras Rachel Robinson
79%
The Gauntlet 3 Zach Mann
79%
Battle of the Sexes; Battle of the Sexes 2; The Gauntlet 2; The Duel; The Inferno 3; The Duel 2; Rivals; Battle of the Exes; Rivals 2; Free Agents; Bloodlines; XXX; Champs v Stars; Champs vs Pros 2;Total Madness; Double Agents; All Stars; Spies, Lies, and Allies; Ride or Dies; Battle of the Eras; Vets & New Threats Aneesa Ferreria
76%
Battle of the Seasons 2; Invasion; Champs vs Pros Ashley Kelsey
76%
Rivals 3; Invasion; XXX; Champs vs Pros; Champs vs Stars; Champs vs Pros 2; Final Reckoning; War of the Worlds; War of the Worlds 2; Total Madness; Double Agents; Spies, Lies, and Allies; Vets & New Threats Ashley Mitchell
76%
XXX; Final Reckoning Derrick Henry
76%
Battle of the Sexes 2; The Inferno 2; The Gauntlet 2; Fresh Meat; The Duel; The Inferno 3; The Island; The Ruins; Cutthroat; XXX; All Stars; All Stars 2; All Stars 3; Battle of the Eras; Vets & New Threats Derrick Kosinski
76%
Fresh Meat; The Duel; The Gauntlet 3; The Duel 2; Cutthroat; Battle of the Seasons 2; All Stars Eric Banks
76%
The Gauntlet; Battle of the Sexes 2; The Inferno 2; Fresh Meat; The Duel; All Stars 2; All Stars 3; Battle of the Eras Tina Barta
76%
XXX; Champs vs Stars; Champs vs. Stars 2; Final Reckoning; War of the Worlds 2; Total Madness; Double Agents; Spies, Lies, and Allies; Ride or Dies;World Championship;Battle of the Eras Tori Deal
76%
The Gauntlet 3; The Duel 2; Cutthroat Tori Hall
76%
Battle of the Seasons 1; Battle of the Sexes; The Gauntlet; The Inferno; Battle of the Sexes 2; The Inferno 2; The Ruins; XXX; Champs vs Pros; Vendettas; Final Reckoning; All Stars 3; Ride or Dies Veronica Portillo
76%
Battle of the Seasons 2; Rivals 2; Free Agents; Battle of the Exes 2; Invasion; Champs vs Stars; Vendettas; Final Reckoning; War of the Worlds; War of the Worlds 2 Zach Nichols
76%
Battle of the Seasons 1; The Inferno 2 Jon Brennan
74%
The Gauntlet Sarah Greyson
74%
World Championship Sarah Lacina
74%
The Ruins; Fresh Meat 2; Cutthroat; Rivals; Battle of the Exes; Battle of the Seasons; Rivals 2; Battle of the Exes 2; Rivals 3 Sarah Rice
74%
Cutthroat; Rivals; Battle of the Exes; Rivals 2 Ty Ruff
74%
Battle of the Sexes Eric Jones
71%
Battle of the Sexes; Battle of the Sexes 2 Eric Nies
71%
Vendettas; Champs Vs Stars 2; Final Reckoning; War of the Worlds; War of the Worlds 2; Double Agents Kam Williams
71%
Ride or Dies Kenny Clark
71%
Fresh Meat; The Duel; The Inferno 3; The Gauntlet 3; The Island; The Ruins; Fresh Meat 2; Rivals Kenny Santucci
71%
Battle of the Seasons 2; Rivals 2;Battle of the Exes 2 Ryan Knight
71%
Battle of the Exes 2; Rivals 3; XXX Simone Kelly
71%
The Gauntlet 2; The Gauntlet 3; The Duel 2; The Ruins; Rivals Adam King
69%
Battle of the Exes 2 Adam Kuhn
69%
Battle of the Seasons 1; The Gauntlet; The Gauntlet 2 Adam Larson
69%
Rivals Adam Royer
69%
Battle of the Sexes 2; The Inferno 2; The Gauntlet 2; The Duel; The Gauntlet 3; The Duel 2; The Ruins; Cutthroat;Vendettas; Final Reckoning; All Stars 2; All Stars 3; Battle of the Eras Brad Fiorenza
69%
Fresh Meat 2; Cutthroat; Rivals; Battle of the Seasons 2; Free Agents; Battle of the Eras Brandon Nelson
69%
Total Madness Chris "Swaggy C" Williams
69%
Battle of the Seasons 1 Josh Florence
69%
Total Madness; Double Agents; Spies, Lies, and Allies; Battle of the Eras Josh Martinez
69%
Fresh Meat 2; Cutthroat; Rivals; Free Agents; Invasion; War of the Worlds 2; Ride or Dies; Battle of the Eras Laurel Stucky
69%
Rivals; Battle of the Exes; Rivals 2; Free Agents; Battle of the Exes 2/Bloodlines; Rivals 3; XXX;Vendettas; War of the Worlds; War of the Worlds 2; Double Agents; Battle of the Eras; Vets & New Threats Leroy Garrett
69%
Battle of the Sexes; Battle of the Sexes 2; The Gauntlet 2; The Duel 2; Battle of the Exes; All Stars; All Stars 3; Battle of the Eras Mark Long
69%
Battle of the Seasons 1; Battle of the Sexes; The Inferno 2; The Gauntlet 2; The Duel; The Gauntlet 3; All Stars Beth Stolarczyk
67%
Fresh Meat; The Duel; The Gauntlet 3; The Duel 2; The Ruins; Rivals Evan Starkman
67%
Ride or Dies; Battle For a New Champion; Battle of the Eras Horacio Gutierez
67%
Ride or Dies Johnny Middlebrooks
67%
Free Agents; Battle of the Exes 2; Rivals 3 Johnny Reilly
67%
Rivals 2; Free Agents; Battle of the Exes 2; XXX; Champs vs Pros; War of the Worlds 2; Total Madness; All Stars 3; Ride or Dies; World Championship; Battle of the Eras Jordan Wiseley
67%
The Inferno 2; The Gauntlet 2; The Duel 2; Fresh Meat 2 Landon Lueck
67%
Double Agents Liv Jawondo
67%
Rivals 3; Invasion; XXX; Final Reckoning; War of the Worlds; Spies, Lies, and Allies; Battle of the Eras Amanda Garcia
64%
Battle of the Sexes Anne Wharton
64%
Bloodlines; Rivals 3; Invasion; XXX; Champs vs Stars; Vendettas; Total Madness; Double Agents; Spies, Lies, and Allies; Battle of the Eras Cory Wharton
64%
The Gauntlet 2 Danny Dias
64%
Fresh Meat; The Inferno 3; The Gauntlet 3; The Ruins; Fresh Meat 2; Battle of the Seasons 2 Danny Jamieson
64%
World Championship Danny McCray
64%
Battle of the Seasons 1 Danny Roberts
64%
The Gauntlet; The Inferno; The Inferno 2; Fresh Meat; The Ruins; Fresh Meat 2; Invasion; XXX; Champs vs Pros; Double Agents; All Stars; All Stars 2; All Stars 3; Ride or Dies; World Championship; Battle of the Eras Darrell Taylor
64%
Cutthroat; Battle of the Seasons 2; Rivals 2; All Stars 2; Battle of the Eras; Vets & New Threats Derek Chavez
64%
The Gauntlet 3; The Duel 2 Derek McCray
64%
Total Madness; Double Agents; Spies, Lies, and Allies; Ride or Dies Fessy Shafaat
64%
Vendettas; Final Reckoning; War of the Worlds; War of the Worlds 2; Total Madness; Double Agents; Spies, Lies, and Allies Kyle Christie
64%
Rivals 3; Invasion; XXX; Vendettas; Final Reckoning; Total Madness; Double Agents; Spies, Lies, and Allies; Ride or Dies; World Championship Nelson Thomas
64%
Fresh Meat; The Gauntlet 3; The Island; The Duel 2; Fresh Meat 2; All Stars 2; Battle of the Eras Ryan Kehoe
64%
Battle of the Sexes 2 Chris Graebe
62%
Battle of the Seasons 1 Chris Melling
62%
Battle of the Sexes 2; The Gauntlet 3 Frank Roessler
62%
Battle of the Seasons 2; Rivals 2; Free Agents Frank Sweeney
62%
The Inferno 2; The Gauntlet 2; The Duel; All Stars 2; World Championship; Battle of the Eras Jodi Weatherton
62%
The Island; The Ruins; Bloodlines; Rivals 3; All Stars; All Stars 3; World Championship; Battle of the Eras KellyAnne Judd
62%
Ride or Dies; Battle For a New Champion; Battle of the Eras Nurys Mateo
62%
Invasion Theo Bradley
62%
Rivals 3; XXX; Vendettas;Champs vs Pros 2; Final Reckoning; Double Agents; Spies, Lies, and Allies; Ride or Dies; Battle of the Eras Devin Walker
60%
Fresh Meat; The Inferno 3; The Gauntlet 3; The Island; The Ruins; Fresh Meat 2; Rivals Evelyn Smith
60%
Battle of the Exes 2; Bloodlines; Rivals 3; Invasion; XXX; Champs vs Stars; Final Reckoning; War of the Worlds; Total Madness Jenna Compono
60%
Fresh Meat; The Gauntlet 3; The Island; The Ruins Johnna Botta
60%
Rivals; Battle of the Seasons 2; Rivals 2; Free Agents; Battle of the Exes 2; All Stars; All Stars 2; All Stars 3; World Championship; Battle of the Eras Jonna Mannion
60%
Spies, Lies, and Allies; Ride or Dies; Battle For a New Champion; Battle of the Eras Michele Fitzgerald
60%
The Duel; The Inferno 3; The Gauntlet 3; The Island; The Duel 2; Fresh Meat 2; Cutthroat; Rivals; Battle of the Exes; Rivals 2 Paula Meronek
60%
War of the Worlds; War of the Worlds 2; Total Madness Stephen Bear
60%
War of the Worlds; War of the Worlds 2; World Championship; Battle of the Eras; Vets & New Threats Theo Campbell
60%
Battle of the Sexes; The Gauntlet Theo Gantt
60%
Battle of the Seasons 1; The Gauntlet; Battle of the Sexes 2; Fresh Meat Theo Vonkurnatowski
60%
Spies, Lies, and Allies; Battle For a New Champion Corey Lay
57%
Fresh Meat; The Duel; The Gauntlet 3; The Duel 2; The Ruins; Battle of the Exes; Rivals 2; Battle of the Exes 2 Diem Brown
57%
Battle of the Seasons; Battle of the Sexes Emily Bailey
57%
Bloodlines Emily Reese
57%
World Championship Emily Seebohm
57%
Cutthroat; Battle of the Exes; Rivals 2; Champs vs Pros; Battle of the Eras Emily Shromm
57%
Battle of the Seasons 2; Invasion; XXX; Vendettas; Final Reckoning Marie Roda
57%
War of the Worlds; War of the Worlds 2 Natalie Duran
57%
Vendettas; War of the Worlds 2; Total Madness; Vets & New Threats Rogan O'Connor
57%
The Duel; The Gauntlet 3; Cutthroat; Rivals; All Stars 2; All Stars 3 Tyler Duckworth
57%
The Inferno; Battle of the Sexes 2; The Gauntlet 2; The Inferno 3; All Stars Ace Amerson
55%
Cutthroat; Rivals; Battle of the Exes; Battle of the Seasons 2; Rivals 2; Free Agents/Bloodlines; Rivals 3; Invasion;; XXX; Champs vs Pros; Champs vs Stars Camila Nakagawa
55%
Battle of the Sexes David "Puck" Rainey
55%
War of the Worlds; War of the Worlds 2; Total Madness Dee Nguyen
55%
Invasion; XXX; Final Reckoning; War of the Worlds Hunter Barfield
55%
Battle of the Exes 2 Jay Gotti
55%
Total Madness; Double Agents; Ride or Dies; Battle For a New Champion Jay Starrett
55%
Vendettas; Final Reckoning; War of the Worlds 2 Joss Mooney
55%
Total Madness; Double Agents; Spies, Lies, and Allies; Ride or Dies; World Championship; Battle of the Eras Kaycee Clark
55%
Battle of the Sexes; Battle of the Sexes 2; The Infe Melissa Howard
55%
Bloodlines Michael Boise
55%
Rivals Michael Ross
55%
Battle of the Seasons 1; The Gauntlet; The Inferno; Battle of the Sexes 2; The Inferno 2 Mike Mizanin
55%
Double Agents Natalie Anderson
55%
Vendettas; Final Reckoning; War of the Worlds Natalie Negrotti
55%
The Duel; The Gauntlet 3; The Duel 2; Rivals; All Stars; All Stars 2; All Stars 3; Battle of the Eras Nehemiah Clark
55%
Ride or Dies; Battle For a New Champion; Battle of the Eras; Vets & New Threats Olivia Kaiser
55%
Ride or Dies Sam Bird
55%
Battle of the Seasons 2 Sam McGinn
55%
Bloodlines; XXX Shaine Raines
55%
Battle of the Sexes; The Inferno; Battle of the Sexes 2; Fresh Meat; Invasion; Vendettas; Champs vs Pros 2;Final Reckoning Shane Landrum
55%
Battle of the Seasons 1; Battle of the Sexes; All Stars; All Stars 3; World Championship Yes Duffy
55%
Battle of the Sexes; The Gauntlet David Broom
52%
The Inferno; The Gauntlet 2 David Burns
52%
Battle of the Sexes David Edwards
52%
Battle of the Seasons 2; Free Agents Devyn Simone
52%
Rivals; Battle of the Exes; Battle of the Seasons 2; Rivals 2; Free Agents; All Stars 2 Jasmine Reynaud
52%
Invasion; XXX; Vendettas; Champs vs Stars; Champs vs Pros 2; Final Reckoning; Total Madness; All Stars 3; Ride or Dies Kailah Casillas
52%
Vendettas; Final Reckoning; Total Madness; Battle For a New Champion Melissa Reeves
52%
Battle of the Seasons 1 Mike Johnson
52%
Battle of the Seasons 1 Mike Lambert
52%
War of the Worlds; War of the Worlds 2; Final Reckoning; Battle of the Eras Paulie Califiore
52%
Battle of the Sexes 2; The Inferno 2; The Gauntlet 2; The Duel; The Gauntlet 3; The Island; The Duel 2; Rivals; Battle of the Exes Robin Hibbard
52%
Double Agents; Spies, Lies, and Allies; Ride or Dies; World Championship Amber Borzotra
50%
Double Agents Amber Martinez
50%
Free Agents Brandon Swift
50%
Rivals 3 Brandon Tindel
50%
Vets & New Threats Dee Valladares
50%
Fresh Meat; The Gauntlet 3; Cutthroat; Battle of the Seasons 2; All Stars 2; All Stars 3 Melinda Stolp
50%
Free Agents; Battle of the Exes 2; All Stars 3; World Championship; Battle of the Eras; Vets & New Threats Nia Moore
50%
The Gauntlet; All Stars 2 Steve Meinke
50%
Battle of the Sexes; The Gauntlet; Battle of the Sexes 2; The Inferno 2; Fresh Meat; The Inferno 3; The Island; The Ruins Tonya Cooley
50%
War of the Worlds; War of the Worlds 2; Ride or Dies; Vets & New Threats Turbo Camkiran
50%
The Inferno 3; The Gauntlet 3; The Island; Rivals; Battle of the Exes; Rivals 2 Tyrie Ballard
50%
Vets & New Threats Ben Davis
48%
Battle of the Seasons 1; The Gauntlet; The Inferno; Battle of the Sexes 2; Fresh Meat; The Gauntlet 3 Coral Smith
48%
Battle For a New Champion; Battle of the Eras Kyland Young
48%
Battle of the Seasons 1 Lindsay Brian
48%
The Gauntlet 2; The Gauntlet 3; The Duel 2; All Stars 2; All Stars 3 MJ Garrett
48%
The Gauntlet; The Gauntlet 2; The Inferno 3; Battle of the Seasons 2; All Stars Alton Williams
45%
Fresh Meat; Battle of the Eras; Vets & New Threats Aviv Melmed
45%
Total Madness; Double Agents; Spies, Lies, and Allies; Battle For a New Champion Big T Fazakerley
45%
Fresh Meat; The Duel; The Gauntlet 3; The Ruins; All Stars 2 Casey Cooper
45%
Final Reckoning; War of the Worlds Davonne Rogers
45%
The Island; The Duel 2; The Ruins; Cutthroat; Battle of the Exes; Rivals 2 Dunbar Flinn
45%
The Gauntlet; The Inferno; Battle of the Sexes 2; The Gauntlet 2; Fresh Meat; The Gauntlet 3; The Duel 2; The Ruins; Cutthroat; All Stars; All Stars 2; Battle of the Eras Katie Doyle
45%
Fresh Meat 2; Cutthroat; Rivals; Battle of the Exes Mandi Moyer
45%
Invasion; Vendettas; Final Reckoning; All Stars 3 Sylvia Elsrode
45%
Battle of the Sexes; The Inferno; The Gauntlet 2; The Ruins; All Stars; All Stars 3 Syrus Yarbrough
45%
Battle of the Exes 2; Bloodlines; Rivals 3 Thomass Buell
45%
Spies, Lies, and Allies; Battle For a New Champion Ed Eason
43%
Ride or Dies Emmy Russ
43%
War of the Worlds 2 Nicole Bass
43%
Bloodlines; Rivals 3; XXX; Vendettas Nicole Ramos
43%
Invasion; Vendettas; Double Agents Nicole Zanatta
43%
Vets & New Threats Will Gagnon
43%
Battle of the Exes 2; Rivals 3; Battle of the Eras Averey Tressler
40%
Vets & New Threats Blue Kim
40%
The Ruins; Cutthroat; Battle of the Seasons 2; Free Agents Chet Cannon
40%
Fresh Meat 2; Battle of the Seasons 2 CJ Koegel
40%
The Gauntlet Dave Giuntoli
40%
The Island Dave Malinosky
40%
Vets & New Threats Justin Hinsley
40%
Double Agents; Spies, Lies, and Allies; Ride or Dies Nam Vo
40%
The Gauntlet; The Inferno; Battle of the Seasons 2; Rivals 2; All Stars Trishelle Cannatella
40%
World Championship Ben Driebergen
38%
Battle of the Sexes 2; The Gauntlet 2; The Ruins Ibis Nieves
38%
Total Madness; Battle of the Eras Jenny West
38%
Battle of the Sexes 2; The Gauntlet 2; The Duel Kina Dean
38%
Battle of the Exes Nate Stodghill
38%
Battle of the Seasons 2; Rivals 2; Free Agents Preston Roberson-Charles
38%
Fresh Meat 2; Cutthroat; Rivals; Rivals 2; Free Agents; Battle of the Exes 2; Double Agents Theresa Gonzalez
38%
The Gauntlet; The Inferno; Battle of the Sexes 2; The Inferno 2; The Inferno 3; The Island; Cutthroat; Battle of the Exes; Bloodlines Abram Boise
36%
The Island; The Ruins; Free Agents; Bloodlines; All Stars 2 Cohutta Grindstaff
36%
Battle of the Exes; Battle of the Seasons 2; Free Agents; Battle of the Exes 2 Dustin Zito
36%
War of the Worlds; War of the Worlds 2 Georgia Harrison
36%
Bloodlines; Rivals 3 Jamie Banks
36%
The Inferno 2 Jamie Chung
36%
Battle of the Sexes; The Gauntlet 2 Jamie Murray
36%
Rivals 2; Free Agents; Battle of the Exes 2; Rivals 3 Jessica McCain
36%
Bloodlines Jill Tuttle
36%
Battle of the Seasons 2 Lacey Buehler
36%
Battle of the Seasons 1 Piggy Thomas
36%
Spies, Lies, and Allies Priscilla Anyabu
36%
Battle of the Exes Priscilla Mendez
36%
Bloodlines Rianna Polin
36%
Fresh Meat 2; Cutthroat Sydney Walker
36%
Vets & New Threats Yeremi Hykel
36%
The Inferno 3; The Duel 2; Rivals Davis Mallory
33%
Cutthroat; Battle of the Seasons 2 JD Ordonez
33%
The Duel 2; The Ruins Kimberly Alexander
33%
Ride or Dies Kim Tranka
33%
Battle of the Seasons 2 Laura Waller
33%
Spies, Lies, and Allies; Vets & New Threats Michaela Bradshaw
33%
Vets & New Threats Sydney Segal
33%
Vendettas Victor Arroyo
33%
Spies, Lies, and Allies; Battle For a New Champion Berna Canbeldek
31%
Fresh Meat 2 Carley Johnson
31%
Rivals 2 Heather Cooke
31%
Battle of the Sexes; The Inferno; The Inferno 2; The Gauntlet 2 Julie Stoffer
31%
Vendettas; Final Reckoning; War of the Worlds 2 Kayleigh Morris
31%
War of the Worlds Liz Nolan
31%
The Duel 2; The Ruins Nick Brown
31%
Battle of the Seasons 2; Rivals 2 Robb Schreiber
31%
Battle of the Sexes; Battle of the Sexes 2; The Gauntlet 2; The Duel 2; All Stars Ruthie Alcaide
31%
Vets & New Threats Tay Wilcoxin
31%
Ride or Dies Tommy Bracco
31%
Spies, Lies, and Allies Tommy Sheehan
31%
Total Madness Bayleigh Dayton
29%
XXX; Vendettas; Final Reckoning Britni Thornton
29%
Battle of the Sexes 2; All Stars 3 Cynthia Roberts
29%
Spies, Lies, and Allies; Battle For a New Champion Emanuel Neagu
29%
Cutthroat; Free Agents Emilee Fitzpatrick
29%
Battle of the Exes Heather Marter
29%
Vets & New Threats Izzy Fairthorne
29%
Double Agents Joseph Allen
29%
Fresh Meat 2; Cutthroat Luke Wolf
29%
Rivals 2 Marlon Williams
29%
The Gauntlet Matt Smith
29%
Battle of the Sexes 2 Nick Haggart
29%
Fresh Meat 2 Pete Conolly
29%
Battle of the Seasons 1 Sean Duffy
29%
War of the Worlds 2 Sean Linekar
29%
The Gauntlet 2; The Inferno 3; The Ruins Susie Meister
29%
The Duel Svetlana Shusterman
29%
Final Reckoning Angela Babicz
26%
Battle of the Sexes 2 Angela Trimbur
26%
The Gauntlet 3 Angela Turlington
26%
Battle of the Sexes; Battle of the Sexes 2; All Stars 2 Ayanna Mackins
26%
The Ruins Brianna Taylor
26%
Bloodlines; Rivals 3 Christina Leblanc
26%
Battle of the Sexes Christina Pazsitzky
26%
Bloodlines; Rivals 3; Invasion; XXX Dario Medrano
26%
War of the Worlds Julia Nolan
26%
World Championship Kaz Crossley
26%
The Inferno; All Stars 2 Leah Gillingwater
26%
Ride or Dies; Battle For a New Champion Moriah Jadea
26%
The Duel 2; The Ruins; Cutthroat Shauvon Torres
26%
War of the Worlds; War of the Worlds 2 Zahida Allen
26%
Total Madness; Battle For a New Champion Asaf Goren
24%
Bloodlines Brianna Julig
24%
Ride or Dies; Battle For a New Champion Chauncey Palmer
24%
Ride or Dies Colleen Schneider
24%
Spies, Lies, and Allies Emy Alupei
24%
Spies, Lies, and Allies; Battle For a New Champion Hughie Maughan
24%
Battle For a New Champion James Lock
24%
Battle of the Sexes James Orlando
24%
Battle of the Seasons 2; Rivals 2; Free Agents; Battle of the Exes 2; XXX; Vendettas; Final Reckoning; All Stars; All Stars 3 Jemmye Carroll
24%
The Gauntlet 2; The Gauntlet 3; Fresh Meat 2 Jillian Zoboroski
24%
Battle of the Seasons 1; Battle of the Sexes; The Gauntlet 2; All Stars Jisela Delgado
24%
Spies, Lies, and Allies Lauren Coogan
24%
Vets & New Threats Leka Sodade
24%
Champs vs Pros; Double Agents Lolo Jones
24%
Battle of the Seasons 2; Rivals 2 Trey Weatherholtz
24%
Bloodlines; Rivals 3 Vince Gilatta
24%
Vets & New Threats America Lopez
21%
Battle of the Sexes 2; All Stars Arissa Hill
21%
World Championship Benja Alfonso
21%
Vets & New Threats Cedric Hodges
21%
War of the Worlds 2 Esther Falana
21%
Vets & New Threats Gabe Wai
21%
Battle of the Sexes Jake Bronstein
21%
Vets & New Threats Jake Cornish
21%
Battle For a New Champion Jessica Brody
21%
World Championship Justine Ndiba
21%
Fresh Meat 2; Rivals Katelyn Cusanelli
21%
Vets & New Threats Leo Dionicio
21%
Battle of the Exes; Rivals 2 Naomi Defensor
21%
Battle of the Sexes 2; The Gauntlet 2 Randy Barry
21%
Battle of the Seasons 1 Stephen Williams
21%
All Stars; All Stars 2 Teck Holmes
21%
Battle of the Seasons 1; The Inferno; The Gauntlet 2; The Inferno 3 Timmy Beggy
21%
Fresh Meat 2; Cutthroat; Battle of the Exes Vinny Foti
21%
Vets & New Threats Adrienne Naylor
19%
Invasion Anika Rashaun
19%
Spies, Lies, and Allies Bettina Buchanan
19%
Battle of the Exes 2 Brittany Baldasarri
19%
Rivals 3 Cheyenne Flloyd
19%
Final Reckoning Chuck Mowery
19%
Battle of the Seasons 1 Flora Alekseyeun
19%
Double Agents Gabby Allen
19%
War of the Worlds 2 Idris Virgo
19%
The Inferno 3; The Gauntlet 3; All Stars 2 Janelle Casanave
19%
Fresh Meat 2 Jeff Barr
19%
Champs vs Stars; Final Reckoning Jozea Flores
19%
Free Agents; Invasion; XXX Latoya Jackson
19%
Double Agents Lio Rush
19%
The Inferno Mallory Snyder
19%
The Gauntlet Nathan Blackburn
19%
World Championship Nathan Henry
19%
Rivals 3 Nathan Siebenmark
19%
Ride or Dies; Battle For a New Champion Ravyn Rochelle
19%
Bloodlines Stephen Buell
19%
World Championship Troy McCullen
19%
Ride or Dies Analysa Talavera
17%
Invasion Anthony Bartolette
17%
Bloodlines Anthony Cumo
17%
Cutthroat Ayiiia Elizarraras
17%
Invasion Bruno Bettencourt
17%
Final Reckoning; War of the Worlds 2 Faith Stowers
17%
Spies, Lies, and Allies Gabo Szabo
17%
Battle For a New Champion | World Championship Jujuy Jimenez
17%
The Inferno; All Stars; All Stars 2; All Stars 3 Kendal Sheppard
17%
World Championship Kiki Morris
17%
Battle of the Sexes; The Gauntlet; All Stars; All Stars 2; All Stars 3 Laterrian Wallace
17%
Spies, Lies, and Allies Logan Sanpedro
17%
Battle of the Seasons 2 Mckenzie Conburn
17%
Double Agents Mechie Harris
17%
The Gauntlet; The Gauntlet 2 Montana McGlynn
17%
War of the Worlds Morgan Willett
17%
Fresh Meat 2 Noor Jehangir
17%
War of the Worlds Shaleen Sutherland
17%
World Championship Tristan Phipps
17%
The Gauntlet 3 Alex Smith
14%
The Duel 2 Brittini Sherrod
14%
Battle For a New Champion Callum Izzard
14%
The Inferno 3; The Island Colie Edison
14%
Battle of the Sexes Colin Mortensen
14%
Fresh Meat Jesse Stark
14%
Spies, Lies, and Allies Kelz Dyke
14%
Bloodlines Mitch Reid
14%
The Inferno 2 Shavona Billingslea
14%
Battle of the Sexes 2 Shawn Sealy
14%
Battle of the Sexes 2; All Stars 2 Sophia Pasquis
14%
Spies, Lies, and Allies Tacha Akide
14%
Battle For a New Champion | World Championship Zara Zoffany
14%
The Island Ashli Robson
12%
The Gauntlet 3; The Duel 2 Brooke LaBarbera
12%
World Championship Claudia Albartario
12%
Battle of the Sexes; Battle of the Sexes 2 Genesis Moss
12%
Fresh Meat Johnnie McBride
12%
The Inferno 2 Karamo Brown
12%
Fresh Meat Linette Gallo
12%
War of the Worlds; Total Madness Mattie Breaux
12%
World Championship Rodrigo Cascon
12%
Vendettas Alicia Wright
10%
Battle of the Sexes Amaya Brecher
10%
Battle of the Seasons 1 Becky Blasband
10%
Battle of the Seasons 1 Belou Den Tex
10%
Rivals 3; XXX Briana Lacuesta
10%
Battle of the Seasons 1; The Gauntlet Elka Walker
10%
Battle of the Seasons 1 Holly Pelltier
10%
Battle of the Seasons 1; The Inferno Holly Shand
10%
Battle of the Seasons 1; The Gauntlet Norman Korpi
10%
Spies, Lies, and Allies Renan Hellemans
10%
Fresh Meat 2 Sandy Kang
10%
Battle of the Seasons 1 Sharon Gitau
10%
Battle of the Sexes 2 Steven Hill
10%
Battle of the Seasons 1 Tara McDaniel
10%
Spies, Lies, and Allies Tracy Candela
10%
War of the Worlds Alan Valdez
7%
Battle of the Sexes 2; The Gauntlet 2 Cameran Eubanks
7%
Fresh Meat Chanda Sneed
7%
XXX Chris Ammo
7%
The Inferno Christena Pyle
7%
Battle For a New Champion Cierran Scott
7%
Battle of the Sexes Ellen Cho
7%
World Championship Grant Crapp
7%
Battle of the Exes 2 Hailey Chivers
7%
Battle of the Sexes 2 Jacquese Smith
7%
Ride or Dies Jakk Maddox
7%
Battle of the Seasons 1 Kelley Limp
7%
Bloodlines Larissa Nakagawa
7%
Battle of the Sexes Blair Herter
5%
Bloodlines Candice Fowler
5%
Battle of the Sexes Gladys Sanabria
5%
The Gauntlet Irulan Wilson
5%
Spies, Lies, and Allies Jeremiah White
5%
Battle of the Sexes Lori Trespicio
5%
Bloodlines Raphy Medrano
5%
Battle of the Seasons 1 Chadwick Pelletier
2%
The Inferno; The Gauntlet 2 Jeremy Blossom
2%
Battle of the Sexes Antoine de Bouverie
0%
Ride or Dies Tamra Alfaro
0%
No matching quizzes found
Score Distribution
Percent of People with Each Score
Percentile by Number Answered
Your Score History
You have not taken this quiz since the last reset